Far East English-Chinese Pinyin Dictionary / The Far East Book Co., Editorial Committee, compilador
Guardat en:
| Format: | Llibre |
|---|---|
| Idioma: | Undetermined |
| Publicat: |
New York, Estados Unidos
The Far East Book Co.
2005
|
| Matèries: | |
| Etiquetes: |
Afegir etiqueta
Sense etiquetes, Sigues el primer a etiquetar aquest registre!
|
MARC
| LEADER | 00000nam a2200000Ia 4500 | ||
|---|---|---|---|
| 008 | 170316s9999 xx 000 0 und d | ||
| 040 | |a cru BVZT | ||
| 090 | |a REF | ||
| 245 | |a Far East English-Chinese Pinyin Dictionary / The Far East Book Co., Editorial Committee, compilador | ||
| 260 | |a New York, Estados Unidos | ||
| 260 | |b The Far East Book Co. | ||
| 260 | |c 2005 | ||
| 300 | |a 327 páginas | ||
| 650 | |a REFERENCIA |9 27 | ||
| 650 | |a DICCIONARIO EN CHINO | ||
| 942 | |2 z |c REF | ||
| 999 | |c 30294 |d 30294 | ||
